| 000 | 02353ncm0a2200433 4500 | ||
|---|---|---|---|
| 001 | RU\NLR\ONIZ\209555 | ||
| 005 | 20260406161208.0 | ||
| 035 | _a(NLR Aleph) 010890387 | ||
| 071 | 2 | 0 | _aМ. 18318 Г. |
| 090 |
_a10549640 _c10549640 |
||
| 100 | _a20150324d1945 u y0rusy50 ca | ||
| 101 | 0 | _arus | |
| 102 | _aRU | ||
| 125 | _aax | ||
| 128 | _achs | ||
| 145 | 0 | _ac | |
| 200 | 1 |
_aТаня-рёвушка _bНоты _eсоч. 135 _eдет. песня _eдля голоса с фп. _fА. Гречанинов _gсл. А. и П. Барто |
|
| 210 |
_aМосква _cМузгиз _d1945 |
||
| 215 |
_a9 с. _cил. _d28 см |
||
| 313 | _aСистематизация документа проведена по изданию - Методика классифицирования музыкальных произведений (нотных изданий) по таблицам Библиотечно-библиографических классификаций : метод. рекомендации / Гос. б-ка СССР им. В.И. Ленина.- М., 1977. Индексу ББК методических рекомендаций присваивается код ББК для научных библиотек - LBC/SL | ||
| 606 | 1 |
_aПесни для детей _yСССР _z20 в. _jНоты _2nlr_sh |
|
| 686 |
_aЩ984.0(28)6 _vLBC/SL _2rubbk |
||
| 700 | 1 |
_9z01790 _aГречанинов _bА. Т. _f1864 - 1956 _gАлександр Тихонович _4230 _7ca |
|
| 702 | 1 |
_4070 _8rus _7ca _aБарто _bА. Л. _f1906-1981 _gАгния Львовна _3RU\NLR\AUTH\771526 _9111548 |
|
| 702 | 1 |
_4520 _8rus _7ca _aБарто _bП. Н. _cписатель _f1904-1986 _gПавел Николаевич _3RU\NLR\AUTH\778656 _9118552 |
|
| 790 | 1 |
_9z01700 _aGrechaninov _bA. T. _f1864 - 1956 _gAleksandr Tixonovich _4230 _7ba |
|
| 790 | 1 |
_4520 _8rus _7ba _aBarto _bA. L. _f1906-1981 _gAgnija L'vovna _3RU\NLR\AUTH\771527 _9111549 |
|
| 790 | 1 |
_9z04702 _aBarto _bP. N. _f1904-1986 _gPavel Nikolaevich _4520 |
|
| 801 | 0 |
_aRU _bNLR _c20150324 _gPSBO |
|
| 801 | 1 |
_aRU _bNLR _c20150324 _2rusmarc |
|
| 801 | 2 |
_aRU _bNLR _c20180814 |
|
| 852 |
_aNLR _bМ _j301-3/134 _p63832 _t1 |
||
| 852 |
_aNLR _bМ _jК-3/23064 _p277524 _t2 |
||
| 942 | _cSCORE | ||
| 945 | _aРоссийская национальная библиотека | ||
| 980 | _aNB | ||
| 980 | _aBV | ||
| 980 | _aONIZ | ||